Monarchs of England and Britain - Statistics

General Stats
  • This quiz has been taken 122 times
  • The average score is 49 of 61
Answer Stats
Reign Monarch % Correct
1625-1649 King Charles I
100%
1660-1685 King Charles II
100%
2022- King Charles III
100%
1558-1603 Queen Elizabeth I
99%
1952-2022 Queen Elizabeth II
99%
1307-1327 King Edward II
95%
1327-1377 King Edward III
95%
1272-1307 King Edward I Longshanks
95%
1461-1470 King Edward IV
95%
1471-1483 King Edward IV
95%
1042-1066 King Edward the Confessor
95%
899-924 King Edward the Elder
95%
975-978 King Edward the Martyr
95%
1483-1483 King Edward V
95%
1547-1553 King Edward VI
95%
1901-1910 King Edward VII
95%
1936-1936 King Edward VIII
95%
1714-1727 King George I
95%
1727-1760 King George II
95%
1820-1830 King George IV
95%
1910-1936 King George V
95%
1936-1952 King George VI
95%
1100-1135 King Henry I Beauclerc
94%
1154-1189 King Henry II
94%
1216-1272 King Henry III
94%
1399-1413 King Henry IV Bolingbroke
94%
1413-1422 King Henry V
94%
1422-1461 King Henry VI
94%
1470-1471 King Henry VI
94%
1485-1509 King Henry VII
94%
1689-1702 King William III of Orange
94%
1087-1100 King William II Rufus
94%
1066-1087 King William I the Conqueror
94%
1830-1837 King William IV
94%
1553-1558 Queen Mary I
94%
1689-1694 Queen Mary II
94%
1837-1901 Queen Victoria
94%
1199-1216 King John
89%
1603-1625 King James I
87%
1685-1688 King James II
87%
1377-1399 King Richard II
86%
1189-1199 King Richard I the Lionheart
86%
1702-1714 Queen Anne
84%
1135-1154 King Stephen of Blois
77%
1509-1547 King Henry VIII
72%
1483-1485 King Richard III
67%
866-899 King Alfred the Great
61%
1035-1040 King Harold Harefoot
60%
1066-1066 King Harold II Godwinson
60%
1760-1820 King George III
53%
978-1013 King Æthelred the Unready
47%
1014-1016 King Æthelred the Unready
47%
1016-1035 King Cnut the Great
42%
924-939 King Æthelstan
34%
1016-1016 King Edmund Ironside
33%
939-946 King Edmund the Magnificent
33%
959-975 King Edgar the Peaceful
32%
1040-1042 King Harthacnut
28%
1013-1014 King Sweyn Forkbeard
25%
946-955 King Eadred
20%
955-959 King Eadwig All-Fair
20%
No matching quizzes found
Score Distribution
Percent of People with Each Score
Percentile by Number Answered
Your Score History
You have not taken this quiz